000 00677nam a2200265Ia 4500
005 20260121172230.0
008 008 260114s9999 xx 000 0 eng d
020 _a9783030525965
037 _aEBOOK
040 _aCRL
040 _beng
040 _cCRL
041 _2eng
041 _aeng
084 _qCRL
100 _aPablo Sánchez León
_91085889
245 0 _aPopular Political Participation and the Democratic Imagination in Spain
260 _bSpringer
260 _bSpringer
260 _c2020
856 _uhttps://link.springer.com/openurl?genre=book&isbn=978-3-030-52596-5
942 _cEBOOK
999 _c1651626
_d1651626